<?xml version="1.0" encoding="UTF-8"?>
<record
    xmlns:xsi="http://www.w3.org/2001/XMLSchema-instance"
    xsi:schemaLocation="http://www.loc.gov/MARC21/slim http://www.loc.gov/standards/marcxml/schema/MARC21slim.xsd"
    xmlns="http://www.loc.gov/MARC21/slim">

  <leader>00959nam a2200157   4500</leader>
  <controlfield tag="008">708.009 K64y</controlfield>
  <datafield tag="020" ind1=" " ind2=" ">
    <subfield code="a">9788417047313</subfield>
  </datafield>
  <datafield tag="082" ind1=" " ind2=" ">
    <subfield code="a">708.009</subfield>
    <subfield code="b">K64y</subfield>
  </datafield>
  <datafield tag="100" ind1=" " ind2=" ">
    <subfield code="a">Klein, Yves</subfield>
    <subfield code="9">6793</subfield>
  </datafield>
  <datafield tag="245" ind1=" " ind2=" ">
    <subfield code="a">Yves Klein</subfield>
  </datafield>
  <datafield tag="260" ind1=" " ind2=" ">
    <subfield code="a">Ciudad de M&#xE9;xico</subfield>
    <subfield code="b">Museo Universitario de Arte Contempor&#xE1;neo</subfield>
    <subfield code="c">2017</subfield>
  </datafield>
  <datafield tag="300" ind1=" " ind2=" ">
    <subfield code="a">328 p.</subfield>
    <subfield code="b">ill (col)</subfield>
    <subfield code="c">22 x 16.5 cm</subfield>
  </datafield>
  <datafield tag="505" ind1=" " ind2=" ">
    <subfield code="t">Presentaci&#xF3;n</subfield>
    <subfield code="r">Jorge Volpi</subfield>
    <subfield code="t">Mi posici&#xF3;n en el combate entre la l&#xED;nea y el color</subfield>
    <subfield code="r">Yves Klein</subfield>
    <subfield code="t">La evoluci&#xF3;n del arte hacia lo inmaterial</subfield>
    <subfield code="r">Yves Klein</subfield>
    <subfield code="t">Manifiesto del Hotel Chelsea</subfield>
    <subfield code="r">Yves Klein</subfield>
    <subfield code="t">La utop&#xED;a del entusiasmo de Yves Klein</subfield>
    <subfield code="r">Klaus Ottman</subfield>
    <subfield code="t">Yves Klein por Yves Klein por Yves Klein por daniela Franco</subfield>
    <subfield code="r">Daniela Franco</subfield>
    <subfield code="t">El libro, la ficci&#xF3;n, el cielo</subfield>
    <subfield code="r">Daniela Salda&#xF1;a Par&#xED;s</subfield>
    <subfield code="t">Cronolog&#xED;a</subfield>
    <subfield code="t">Exhibiciones individuales</subfield>
    <subfield code="t">Filmograf&#xED;a selecta </subfield>
    <subfield code="t">Bibliograf&#xED;a</subfield>
    <subfield code="t">Cr&#xE9;ditos</subfield>
  </datafield>
  <datafield tag="650" ind1=" " ind2=" ">
    <subfield code="x">arte contempor&#xE1;neo</subfield>
    <subfield code="x">arte - exhibiciones</subfield>
    <subfield code="x">arte - biograf&#xED;a</subfield>
    <subfield code="9">6794</subfield>
  </datafield>
  <datafield tag="700" ind1=" " ind2=" ">
    <subfield code="a">Alvarez Romero, Ekaterina (edici&#xF3;n)</subfield>
    <subfield code="9">6792</subfield>
  </datafield>
  <datafield tag="999" ind1=" " ind2=" ">
    <subfield code="c">1670</subfield>
    <subfield code="d">1670</subfield>
  </datafield>
  <datafield tag="952" ind1=" " ind2=" ">
    <subfield code="0">0</subfield>
    <subfield code="1">0</subfield>
    <subfield code="2">ddc</subfield>
    <subfield code="4">0</subfield>
    <subfield code="7">0</subfield>
    <subfield code="a">LV</subfield>
    <subfield code="b">LV</subfield>
    <subfield code="c">Monograf&#xED;as</subfield>
    <subfield code="d">2018-11-21</subfield>
    <subfield code="l">0</subfield>
    <subfield code="o">708.009 K64y</subfield>
    <subfield code="p">004693</subfield>
    <subfield code="r">2018-11-21 00:00:00</subfield>
    <subfield code="w">2018-11-21</subfield>
    <subfield code="y">01</subfield>
  </datafield>
</record>
